00473nam a2200121Ia 4500008004100000245021200041260001700253260000900270300000800279650002300287650001200310856002900322170516s9999 xx 000 0 und d aConcomitant Retrograde Coronary Venous Infusion of Basic Fibroblast Growth Factor Enhances Engraftment and Differentiation of Bone Marrow Mesenchymal Stem Cells for Cardiac Repair after Myocardial Infarction bTheranostics c2015 a5:9 xMedical Technology xMedtech uhttp://www.thno.org/v5i9